Statistics for RuPaul Songs That Represented Seasons

Click here to take the quiz!

General Stats

  • This quiz has been taken 139 times
  • The average score is 8 of 15

Answer Stats

SeasonSong% Correct
1Cover Girl
82%
6Sissy That Walk
79%
All Stars 3 RumixKitty Girl
73%
4Glamazon
72%
10 RumixAmerican
70%
All Stars 2 RumixRead U Wrote U
62%
3Champion
61%
2Jealous Of My Boogie
58%
9 RumixCategory Is...
56%
8The Realness
54%
5The Beginning
53%
7Born Naked
50%
10 Lip SyncCall Me Mother
25%
9 Lip SyncU Wear It Well
24%
All Stars 1Responstrannity
2%

Score Distribution

Percentile by Number Answered

Percent of People with Each Score

Your Score History

You have not taken this quiz